000 00510nam a2200217Ia 4500
008 210210b2011 xxu||||| |||| 00| 0 eng d
020 _a9788184735581
041 _aeng
082 _a615.321 TYLP
100 _aTYLER (Varro E)
245 _aPharmacognosy Ed 9
250 _a
260 _aNew Delhi
_bLippincott Williams & Wilkins
_c2011
300 _aviii,519
650 _aPharmacognosy
650 _aEd
650 _a9
690 _aPharmacology
700 _aBRADY (Lynn R)
906 _a071208
999 _c120557
_d120557